Guess the Fusion Rock Song Lyrics #216 - Statistics

General Stats
  • This quiz has been taken 10 times
  • The average score is 226 of 264
Answer Stats
Answer % Correct
a
100%
All
100%
be
100%
been
100%
can
100%
down
100%
ever
100%
I
100%
I'm
100%
in
100%
In
100%
love
100%
me
100%
my
100%
of
100%
on
100%
only
100%
over
100%
that
100%
That
100%
the
100%
to
100%
top
100%
world
100%
you
100%
Your
100%
And
86%
and
86%
are
86%
at
86%
eyes
86%
find
86%
for
86%
got
86%
has
86%
here
86%
if
86%
is
86%
Is
86%
I've
86%
just
86%
love's
86%
Not
86%
not
86%
now
86%
one
86%
see
86%
There
86%
thing
86%
this
86%
want
86%
When
86%
will
86%
You're
86%
you've
86%
around
71%
because
71%
Carpenters
71%
cloud
71%
coming
71%
creation
71%
everything
71%
Everything
71%
feeling's
71%
found
71%
it's
71%
looking
71%
mind
71%
mine
71%
need
71%
put
71%
same
71%
since
71%
sky
71%
Something
71%
Such
71%
sun
71%
tellin
71%
things
71%
trees
71%
won't
71%
day
57%
dream
57%
especially
57%
hope
57%
leaves
57%
seen
57%
surprised
57%
There's
57%
true
57%
clear
43%
explanation
43%
heaven
43%
most
43%
reason
43%
through
43%
wish
43%
wonder
43%
breeze
29%
name
29%
nearest
29%
tomorrow
29%
wind
29%
happiness
14%
learned
14%
pleasing
14%
sense
14%
touch
14%
No matching quizzes found
Score Distribution
Percent of People with Each Score
Percentile by Number Answered
Your Score History
You have not taken this quiz